000 01669nam a22003497a 4500
001 0009329
003 KOHA_MİRAKIL
005 20260207001705.0
007 ta
008 091120b2006 tu |||gr||||#0|||0|tur |
020 _a975362641X
040 _aTR-BiSEU
_btur
_cTR-BiSEU
_erda
041 0 _atur
044 _ctu
050 _aBF575
_b.T37 2006
100 1 _aTarhan, Nevzat.
245 1 _aMutluluk psikolojisi :
_bstresi mutluluğa dönüştürmek/
_cNevzat Tarhan ; Nevzat Tarhan.
264 1 _aİstanbul :
_bTimaş Yayınları
_c2006
300 _a184 sayfa
336 _ametin
_btxt
_2rdacontent
337 _aaracısız
_bn
_2rdamedia
338 _acilt
_bnc
_2rdacarrier
490 1 _aTimaş yayınları ;
_v724.
490 1 _aPsikoloji dizisi ;
_v3.
500 _aKaynakça var.
505 _aİnsan beyni, adeta bir orkestra şefidir. Ruh yapımız ve kişiliğimiz, beyin aracılığı ile kendini ifade etmektedir. Beynimizin stres altında kalması, bütün organlarımızın faaliyetine olumsuz etki yapacaktır.Stres ve zaman yönetiminde; duygu, düşünce ve davranış denetiminde beynimizi doğru kullanırsak, mutlu, başarılı ve nitelikli yaşayabiliriz. Bu yaşantı bizim vereceğimiz kararlara bağlı olduğuna göre, dünyayı değiştirmek yerine kendimizi değiştirmeye öncelik vermeliyiz.
_x
_xBu kitabın amacı, yaygın hastalıklardan pek çoğunun temel kaynağı olan stresi mutluluğa dönüştürmenin püf noktalarını vurgulamaktadır.
650 0 _aMutluluk.
_910973
830 1 _aTimaş yayınları ;
_v724.
_98079
830 1 _aPsikoloji dizisi ;
_v3.
_96558
907 _aOkuma Kitabı
942 _2lcc
_cBK
999 _c9301
_d9301